Study on epidemiology of fasiolosis in cattle at ponhea leu district, kandal province, ការសិក្សាពីកម្រិតរាលដាលរបស់ហ្វាស្យូូឡាលើគោ ក្នុងស្រុកពញាឭ ខេត្តកណ្ដាល (Record no. 7210)

000 -LEADER
fixed length control field 00684nam a22001577a 4500
003 - CONTROL NUMBER IDENTIFIER
control field OSt
005 - DATE AND TIME OF LATEST TRANSACTION
control field 20160229142059.0
008 - FIXED-LENGTH DATA ELEMENTS--GENERAL INFORMATION
fixed length control field 160229b xxu||||| |||| 00| 0 eng d
040 ## - CATALOGING SOURCE
Transcribing agency RUA
082 ## - DEWEY DECIMAL CLASSIFICATION NUMBER
Classification number VEM SUM 2014 B441 Or.1
100 ## - MAIN ENTRY--PERSONAL NAME
9 (RLIN) 7611
Personal name SUM MUNY; ស៊ុំ មុន្នី
245 ## - TITLE STATEMENT
Title Study on epidemiology of fasiolosis in cattle at ponhea leu district, kandal province, ការសិក្សាពីកម្រិតរាលដាលរបស់ហ្វាស្យូូឡាលើគោ ក្នុងស្រុកពញាឭ ខេត្តកណ្ដាល
260 ## - PUBLICATION, DISTRIBUTION, ETC. (IMPRINT)
Place of publication, distribution, etc. Phnom Penh
Name of publisher, distributor, etc. RUA
Date of publication, distribution, etc. 2014
300 ## - PHYSICAL DESCRIPTION
Extent ix ; 39p.
Other physical details ill.
Dimensions 29cm.
942 ## - ADDED ENTRY ELEMENTS (KOHA)
Source of classification or shelving scheme
Koha item type VTF
Holdings
Price effective from Date last seen Permanent Location Not for loan Date acquired Source of classification or shelving scheme Koha item type Lost status Withdrawn status Date last checked out Total Checkouts Shelving location Damaged status Barcode Checked out Current Location Full call number
2016-02-292018-02-27Library Block B 2016-02-29 VTF  2018-02-021B441 RUA052954 Library Block BVEM SUM 2014 B441 Or.1
2016-02-292016-02-29Library Block B 2016-02-29 VTF    B441 RUA052535 Library Block BVEM SUM 2014 B441 Or.2
2016-02-292018-05-07Library Block B 2016-02-29 VTF  2018-03-283B441 RUA052533 Library Block BVEM SUM 2014 B441 Or.3
2016-02-292018-05-25Library Block B 2016-02-29 VTF  2018-05-181B441 RUA052649 Library Block BVEM SUM 2014 B441 Or.4
2016-02-292018-06-13Library Block B 2016-02-29 VTF  2018-06-081B441 RUA052763 Library Block BVEM SUM 2014 B441 Or.5
2016-02-292016-02-29Library Block B 2016-02-29 VTF    B441 RUA053131 Library Block BVEM SUM 2014 B441 Or.6
2016-02-292016-02-29Library Block B 2016-02-29 VTF    B441 RUA053320 Library Block BVEM SUM 2014 B441 Or.7
2016-02-292017-02-13Library Block B 2016-02-29 VTF  2017-02-131B441 RUA0534312017-03-21Library Block BVEM SUM 2014 B441 Or.8
មជ្ឈមណ្ឌលឯការនៃសាកលវិទ្យាល័យភូមិន្ទកសិកម្មចំការដូង

Powered by Koha